Ṣirāt̤ al-ḥamīd. (Record no. 77218)

MARC details
000 -LEADER
fixed length control field 00584cam a22002291 4500
001 - CONTROL NUMBER
control field sa 68000440
003 - CONTROL NUMBER IDENTIFIER
control field DLC
005 - DATE AND TIME OF LATEST TRANSACTION
control field 20260227112424.0
008 - FIXED-LENGTH DATA ELEMENTS--GENERAL INFORMATION
fixed length control field 940727s1965 ii b 000 0 urdo
010 ## - LIBRARY OF CONGRESS CONTROL NUMBER
LC control number sa 68000440
025 ## - OVERSEAS ACQUISITION NUMBER
Overseas acquisition number PL480:I-U-1925
035 ## - SYSTEM CONTROL NUMBER
System control number (OCoLC)30838441
040 ## - CATALOGING SOURCE
Original cataloging agency DLC
Transcribing agency CU
Modifying agency CU
-- DLC
042 ## - AUTHENTICATION CODE
Authentication code premarc
050 00 - LIBRARY OF CONGRESS CALL NUMBER
Classification number DS49.2
Item number .B33
100 1# - MAIN ENTRY--PERSONAL NAME
Personal name Barni, Muhammad Ilyas.
245 10 - TITLE STATEMENT
Title Ṣirāt̤ al-ḥamīd.
260 ## - PUBLICATION, DISTRIBUTION, ETC.
Date of publication, distribution, etc. [1965?]
300 ## - PHYSICAL DESCRIPTION
Extent 272 p.
Other physical details fold. maps.
Dimensions 19 cm.
500 ## - GENERAL NOTE
General note In Urdu.
651 #0 - SUBJECT ADDED ENTRY--GEOGRAPHIC NAME
Geographic name Arab countries
General subdivision Description and travel.

No items available.

Powered by Koha